000 00995nam a2200241Ia 4500
003 OSt
005 20220923221541.0
006 a|||||r|||| 00| 0
007 ta
008 220922b |||||||| |||| 00| 0 hin d
024 _a198,083
037 _cTextual
040 _aARTS
_cARTS
_bhin
041 _2hin
_ahin
082 _aP1520aX:8, 152M0
100 _aतिवारी, भ्।ोलानाथ्।; तिवारी, भ्।ोलानाथ्।; चतुर्वेदी, महेन्द्र
_9165444
245 0 _aव्यावसायिक हिन्दी
246 _aVyāvasāyik hindī
260 _aदिल्ली
_b श्।ब्दाकार
_c1980
300 _a104पृ.
_ccm.
942 _hP1520aX:8, 152M0
_cTEXL
_2CC
999 _c349952
_d349952